[Event "Commonwealth Chess Championship 2008"]
[Site "Nagpur IND"]
[Date "2008.09.28"]
[Round "1.82"]
[White "Ajinkya, Pingale"]
[Black "Hasan, Mehdi"]
[Result "1/2-1/2"]
[WhiteElo "1793"]
[BlackElo "2264"]
[PlyCount "135"]
[EventDate "2008.09.28"]
[EventType "swiss"]
[EventRounds "11"]
[EventCountry "IND"]
[Source "lmi"]
[SourceDate "2008.09.28"]

1. d4 d5 2. c4 dxc4 3. e3 Nf6 4. Bxc4 e6 5. Nf3 a6 6. O-O b5 7. Bd3 c5 8. dxc5
Bxc5 9. Qc2 Be7 10. Rd1 Qb6 11. Nc3 Bb7 12. e4 Nbd7 13. Be3 Bc5 14. Bxc5 Qxc5
15. a3 Rc8 16. Rac1 O-O 17. Qe2 Ne5 18. Nxe5 Qxe5 19. g3 Rfd8 20. Qe3 h6 21. f4
Ng4 22. Qb6 Qd4+ 23. Qxd4 Rxd4 24. Be2 Rxd1+ 25. Rxd1 Nf6 26. Bf3 Rc4 27. Rd8+
Kh7 28. Be2 Rc7 29. Bd3 g6 30. h3 Rd7 31. Rxd7 Nxd7 32. Kf2 e5 33. fxe5 Nxe5
34. Be2 Kg7 35. Ke3 Kf6 36. Kd4 Ke6 37. Nd5 Kd6 38. Nc3 Nc6+ 39. Ke3 Ke5 40. b4
Nd4 41. Bd3 Bc6 42. Bb1 Bd7 43. h4 Be6 44. Bd3 Bb3 45. Nb1 f6 46. Nc3 g5 47.
hxg5 fxg5 48. Nb1 Nc2+ 49. Kd2 Nd4 50. Ke3 h5 51. Nd2 Bd1 52. Nb1 h4 53. gxh4
gxh4 54. Bf1 Bg4 55. Bg2 h3 56. Bh1 Be6 57. Kf2 Nc2 58. Kg3 Bc8 59. Kf3 Kd4 60.
Kf4 Bb7 61. Kg3 Bxe4 62. Bxe4 Kxe4 63. Nd2+ Kd3 64. Nb3 Nxa3 65. Nc5+ Kc4 66.
Nxa6 Nc2 67. Nc7 Nxb4 68. Nxb5 1/2-1/2

[Event "Commonwealth Chess Championship 2008"]
[Site "Nagpur IND"]
[Date "2008.09.29"]
[Round "2.71"]
[White "Mari Arul, S."]
[Black "Ajinkya, Pingale"]
[Result "1-0"]
[WhiteElo "2249"]
[BlackElo "1793"]
[PlyCount "71"]
[EventDate "2008.09.28"]
[EventType "swiss"]
[EventRounds "11"]
[EventCountry "IND"]
[Source "lmi"]
[SourceDate "2008.09.28"]

1. e4 c5 2. Nf3 d6 3. d4 cxd4 4. Nxd4 Nf6 5. Nc3 a6 6. Bc4 e6 7. Bb3 b5 8. O-O
Bb7 9. Re1 Nbd7 10. Bg5 Rc8 11. f4 Qb6 12. Kh1 Nc5 13. Bxf6 gxf6 14. f5 Nxb3
15. axb3 Ke7 16. fxe6 fxe6 17. Qd3 b4 18. Nce2 Rc5 19. Rad1 Re5 20. Nf4 Bc8 21.
Nf3 Rc5 22. Nd2 Bh6 23. Rf1 Bxf4 24. Rxf4 d5 25. Rdf1 Rf8 26. e5 f5 27. Qh3 Rf7
28. Qh4+ Ke8 29. Rxb4 Qc7 30. c3 Qxe5 31. Nf3 Qe2 32. Re1 Qxb2 33. Qh6 Qxc3 34.
Rb8 Re7 35. h3 Qg7 36. Qf4 1-0

[Event "Commonwealth Chess Championship 2008"]
[Site "Nagpur IND"]
[Date "2008.09.30"]
[Round "3.98"]
[White "Ajinkya, Pingale"]
[Black "Majumdar, Chandrasish"]
[Result "0-1"]
[WhiteElo "1793"]
[BlackElo "2050"]
[PlyCount "144"]
[EventDate "2008.09.28"]
[EventType "swiss"]
[EventRounds "11"]
[EventCountry "IND"]
[Source "lmi"]
[SourceDate "2008.09.28"]

1. d4 Nf6 2. c4 g6 3. Nc3 Bg7 4. e4 d6 5. Nf3 O-O 6. Be2 e5 7. d5 a5 8. O-O Na6
9. Qc2 Qe8 10. b3 h6 11. a3 Nc5 12. Ne1 b6 13. f3 Nh5 14. Nd3 Nxd3 15. Bxd3 Nf4
16. Be3 Nxd3 17. Qxd3 f5 18. b4 f4 19. Bf2 Qe7 20. Rfb1 Ba6 21. Ra2 g5 22. bxa5
bxa5 23. Nb5 h5 24. Be1 Bc8 25. Rab2 Bf6 26. Nc3 Qg7 27. Rb8 Ba6 28. Rxa8 Rxa8
29. Nb5 Bd8 30. Bxa5 Bc8 31. Be1 g4 32. Rb2 Rb8 33. Ra2 Kh8 34. a4 gxf3 35.
Qxf3 Bg4 36. Qd3 f3 37. g3 h4 38. Na7 Ra8 39. Nc6 Bf6 40. a5 Bh5 41. Qd2 Bg5
42. Qf2 Qd7 43. a6 Qg4 44. a7 Qxe4 45. Ra3 Qxc4 46. Bd2 Qxd5 47. Bxg5 Qd1+ 48.
Qf1 f2+ 49. Kxf2 Rf8+ 50. Bf4 Qc2+ 51. Kg1 Qc5+ 52. Re3 exf4 53. Qf2 Qxe3 54.
gxf4 Rg8+ 55. Kf1 Rg1+ 56. Kxg1 Qc1+ 57. Qf1 Qc5+ 58. Qf2 Qxc6 59. Qxh4 Qb6+
60. Kg2 Qb7+ 61. Kg1 Qxa7+ 62. Kf1 Qa1+ 63. Kf2 Qd4+ 64. Kg2 Qe4+ 65. Kg1 Qe3+
66. Qf2 Qxf2+ 67. Kxf2 Kg7 68. Ke3 Kf6 69. Ke4 c6 70. h4 d5+ 71. Kd4 Kf5 72.
Ke3 c5 0-1

[Event "Commonwealth Chess Championship 2008"]
[Site "Nagpur IND"]
[Date "2008.09.30"]
[Round "4.26"]
[White "Nirmal, E.P."]
[Black "Rathnakaran, K."]
[Result "1/2-1/2"]
[WhiteElo "2211"]
[BlackElo "2453"]
[PlyCount "30"]
[EventDate "2008.09.28"]
[EventType "swiss"]
[EventRounds "11"]
[EventCountry "IND"]
[Source "lmi"]
[SourceDate "2008.09.28"]

1. e4 e6 2. d4 d5 3. exd5 exd5 4. Nf3 Bd6 5. c4 c6 6. cxd5 cxd5 7. Nc3 Ne7 8.
Be2 Nbc6 9. O-O O-O 10. Re1 Bf5 11. Bg5 f6 12. Bh4 Qd7 13. Bg3 Bxg3 14. hxg3
Rae8 15. Rc1 Bg6 1/2-1/2

[Event "Commonwealth Chess Championship 2008"]
[Site "Nagpur IND"]
[Date "2008.09.30"]
[Round "4.116"]
[White "Ranasinghe, S.D."]
[Black "Ajinkya, Pingale"]
[Result "1/2-1/2"]
[WhiteElo "1796"]
[BlackElo "1793"]
[PlyCount "62"]
[EventDate "2008.09.28"]
[EventType "swiss"]
[EventRounds "11"]
[EventCountry "IND"]
[Source "lmi"]
[SourceDate "2008.09.28"]

1. c4 f5 2. d4 Nf6 3. Nc3 e6 4. Nf3 Be7 5. g3 O-O 6. Bg2 d5 7. c5 c6 8. b4 Ne4
9. Bd2 Nd7 10. a4 Ndf6 11. O-O Qe8 12. Ne5 Nxc3 13. Bxc3 Ng4 14. Nf3 h6 15. Qd3
Nf6 16. Rfb1 g5 17. b5 Nd7 18. bxc6 bxc6 19. e3 g4 20. Ne1 Bd8 21. a5 Kh7 22.
Nc2 e5 23. Kf1 e4 24. Qe2 h5 25. Ke1 h4 26. Kd2 h3 27. Bf1 Rf7 28. Nb4 Nf8 29.
a6 Ne6 30. Qd1 Ng5 31. Be2 Re7 1/2-1/2

[Event "Commonwealth Chess Championship 2008"]
[Site "Nagpur IND"]
[Date "2008.10.01"]
[Round "5.35"]
[White "Adhiban, B."]
[Black "Nirmal, E.P."]
[Result "1-0"]
[WhiteElo "2422"]
[BlackElo "2211"]
[PlyCount "59"]
[EventDate "2008.09.28"]
[EventType "swiss"]
[EventRounds "11"]
[EventCountry "IND"]
[Source "lmi"]
[SourceDate "2008.09.28"]

1. e4 e5 2. Nf3 Nc6 3. Bc4 Nf6 4. d3 Be7 5. O-O O-O 6. Bb3 d6 7. c3 h6 8. Nbd2
Nh7 9. Nc4 Ng5 10. Nxg5 Bxg5 11. f4 exf4 12. Bxf4 Bxf4 13. Rxf4 Be6 14. d4 Qg5
15. Qf3 d5 16. Ne3 dxe4 17. Rxe4 Bxb3 18. Rg4 Qd8 19. axb3 Ne7 20. Qxb7 Rb8 21.
Qa6 Rxb3 22. Qxh6 Ng6 23. Qh5 Rxb2 24. Nf5 Qb8 25. h3 Rb1+ 26. Rxb1 Qxb1+ 27.
Kh2 Qf1 28. Rh4 Re8 29. Qh7+ Kf8 30. Qxg7# 1-0

[Event "Commonwealth Chess Championship 2008"]
[Site "Nagpur IND"]
[Date "2008.10.02"]
[Round "6.105"]
[White "Pratyusha, Bodda"]
[Black "Ajinkya, Pingale"]
[Result "1-0"]
[WhiteElo "1933"]
[BlackElo "1793"]
[PlyCount "71"]
[EventDate "2008.09.28"]
[EventType "swiss"]
[EventRounds "11"]
[EventCountry "IND"]
[Source "lmi"]
[SourceDate "2008.09.28"]

1. e4 c5 2. Nf3 d6 3. d4 cxd4 4. Nxd4 Nf6 5. Nc3 a6 6. f4 e6 7. Qf3 Qc7 8. g4
Nc6 9. Nb3 b5 10. Bd3 Bb7 11. g5 Nd7 12. Bd2 b4 13. Ne2 Nc5 14. Nbd4 a5 15.
O-O-O Rc8 16. Kb1 g6 17. Rc1 Nxd4 18. Nxd4 d5 19. e5 Ba6 20. Bxa6 Nxa6 21. h4
Nc5 22. Rhd1 Ne4 23. Be1 Bc5 24. Nb5 Qb6 25. c4 Rd8 26. a4 Ke7 27. cxd5 exd5
28. Nd6 Bxd6 29. exd6+ Rxd6 30. f5 Rhd8 31. fxg6 fxg6 32. Bg3 Nxg3 33. Qxg3
R8d7 34. Re1+ Re6 35. Rxe6+ Qxe6 36. Re1 1-0

[Event "Commonwealth Chess Championship 2008"]
[Site "Nagpur IND"]
[Date "2008.10.03"]
[Round "8.101"]
[White "Ajinkya, Pingale"]
[Black "Teenu Thomas,"]
[Result "0-1"]
[WhiteElo "1793"]
[BlackElo "1859"]
[PlyCount "110"]
[EventDate "2008.09.28"]
[EventType "swiss"]
[EventRounds "11"]
[EventCountry "IND"]
[Source "lmi"]
[SourceDate "2008.09.28"]

1. d4 Nf6 2. c4 e6 3. Nf3 b6 4. Nc3 Bb7 5. e3 Be7 6. Bd3 d5 7. O-O O-O 8. Re1
c5 9. b3 Nc6 10. cxd5 cxd4 11. Bc4 Bc5 12. Bb2 Qe7 13. Qe2 Rfd8 14. a3 Na5 15.
b4 Nxc4 16. Qxc4 Bd6 17. Qe2 Rac8 18. h3 Nxd5 19. Rac1 Nxc3 20. Bxc3 Qd7 21.
Nxd4 e5 22. Nf3 Qe6 23. e4 f6 24. Nd2 Rc7 25. f3 Rdc8 26. Nb1 a5 27. Qb2 a4 28.
Bd2 b5 29. Rxc7 Rxc7 30. Rc1 Rxc1+ 31. Bxc1 Qc4 32. Kf2 Bc8 33. Be3 Be6 34. Nd2
Qc8 35. Nb1 f5 36. exf5 Bxf5 37. Nc3 Qc4 38. Qa2 Qxa2+ 39. Nxa2 Kf7 40. Nc3 Bd7
41. Ne4 Bc7 42. Bc5 Bd8 43. Ke3 Ke6 44. g4 Bc6 45. Kd3 g6 46. Be3 h5 47. Nc5+
Kf7 48. Ne4 Bh4 49. Ke2 Be7 50. Kd3 Ke6 51. Bf2 Kf7 52. Ke3 Ke6 53. Kd3 Bd5 54.
Ke3 Bxe4 55. fxe4 Bg5+ 0-1

[Event "Commonwealth Chess Championship 2008"]
[Site "Nagpur IND"]
[Date "2008.10.05"]
[Round "10.97"]
[White "Ghate, V.N."]
[Black "Ajinkya, Pingale"]
[Result "0-1"]
[WhiteElo "1972"]
[BlackElo "1793"]
[PlyCount "22"]
[EventDate "2008.09.28"]
[EventType "swiss"]
[EventRounds "11"]
[EventCountry "IND"]
[Source "lmi"]
[SourceDate "2008.09.28"]

1. e4 c5 2. Nf3 d6 3. c3 Nf6 4. Bd3 Nc6 5. Be2 e5 6. d4 Bg4 7. d5 Ne7 8. Bg5
Bd7 9. Nbd2 Ng6 10. O-O Be7 11. b4 b5 0-1

[Event "Commonwealth Chess Championship 2008"]
[Site "Nagpur IND"]
[Date "2008.10.06"]
[Round "11.85"]
[White "Ajinkya, Pingale"]
[Black "Anuprita, Patil"]
[Result "1/2-1/2"]
[BlackElo "2068"]
[PlyCount "50"]
[EventDate "2008.09.28"]
[EventType "swiss"]
[EventRounds "11"]
[EventCountry "IND"]
[Source "lmi"]
[SourceDate "2008.09.28"]
[WhiteElo "1793"]

1. d4 Nf6 2. c4 g6 3. Nc3 d5 4. Nf3 Bg7 5. cxd5 Nxd5 6. e4 Nxc3 7. bxc3 c5 8.
Bb5+ Bd7 9. Bxd7+ Qxd7 10. O-O O-O 11. Be3 cxd4 12. cxd4 Rd8 13. Rc1 Na6 14.
Qd2 Qa4 15. Qc2 Qa3 16. Qb3 Qxb3 17. axb3 Rac8 18. Rc4 Rxc4 19. bxc4 Nb4 20.
Rb1 a5 21. d5 Rc8 22. Nd2 Bc3 23. Rc1 Bb2 24. Rb1 Bc3 25. Rc1 Bb2 1/2-1/2